000 00897nam a2200229Ia 4500
003 OSt
005 20210430132319.0
008 210310s1985 ck a gr 000 0 spa d
040 _aCO-JMCR
_cCO-JMCR
041 0 _aspa
082 0 4 _a004 /
_bD262c
_223
100 1 _aPalacios Cortés, Rafael,
_eautor
_925977
245 1 3 _aEl computador y su alcance /
_cRafael Palacios Cortés.
260 _aBogotá :
_bDane,
_c1985.
300 _b63 páginas :
_ailustraciones a color ;
_c24 cm.
440 _aSección de obras de filosofía
_925978
500 _aDatos biográficos del autor en pagina 63.
505 0 _aEl computador: sus orígenes, evolución y aplicaciones. -- Estructura de la maquina. (Harware). -- Los sistemas de programación (Sofware). -- Los sistemas de información.
650 1 4 _aHistoria del Computador.
_925979
650 2 4 _aPartes del computador.
_937292
942 _2ddc
_cBK
999 _c11611
_d11611